00270nam a2200121Ia 4500003000400000005001700004008004100021020001800062040002000080100001500100245002100115260001200136OSt20240101072838.0170524s9999 xx 000 0 und d a9788183563208 cIIMT UNIVERSITY aDASH- AJAY 0aFREEDOM OF PRESS bKRISHNA